THE FAMILY MARK TWAIN (Record no. 95776)

MARC details
000 -LEADER
fixed length control field 00409nam a2200181Ia 4500
008 - FIXED-LENGTH DATA ELEMENTS--GENERAL INFORMATION
fixed length control field 090124s9999 xx 000 0 und d
082 ## - DEWEY DECIMAL CLASSIFICATION NUMBER
Item number 30036
100 ## - MAIN ENTRY--PERSONAL NAME
Personal name TWAIN MARK
245 ## - TITLE STATEMENT
Title THE FAMILY MARK TWAIN
250 ## - EDITION STATEMENT
Edition statement 0
260 ## - PUBLICATION, DISTRIBUTION, ETC. (IMPRINT)
Date of publication, distribution, etc 1988
300 ## - PHYSICAL DESCRIPTION
Extent 1462
600 ## - SUBJECT ADDED ENTRY--PERSONAL NAME
Personal name TWAIN MARK
630 ## - SUBJECT ADDED ENTRY--UNIFORM TITLE
Uniform title THE FAMILY MARK TWAIN
700 ## - ADDED ENTRY--PERSONAL NAME
Personal name TWAIN MARK
730 ## - ADDED ENTRY--UNIFORM TITLE
Uniform title THE FAMILY MARK TWAIN
942 ## - ADDED ENTRY ELEMENTS (KOHA)
Koha item type Book
Holdings
Withdrawn status Lost status Damaged status Not for loan Home library Current library Date acquired Cost, normal purchase price Total Checkouts Full call number Barcode Date last seen Cost, replacement price Price effective from Koha item type
        Nagar Wachan Mandir, Thane Nagar Wachan Mandir, Thane   250.00   30036 THNNWM-30036 01/24/2009 250.00 01/24/2009 Book